LIBRARY & INFORMATION CENTRE, KCAET, TAVANUR

ONLINE PUBLIC ACCESS CATALOGUE (OPAC)

Practical organic chemistry / (Record no. 7545)

MARC details
000 -LEADER
fixed length control field 00492cam a2200193ua 4500
041 ## - LANGUAGE CODE
Language code of text/sound track or separate title eng
082 ## - DEWEY DECIMAL CLASSIFICATION NUMBER
Classification number 547
Item number MAN/PR
100 ## - MAIN ENTRY--AUTHOR NAME
Personal name Mann, Frederick George .
245 ## - TITLE STATEMENT
Title Practical organic chemistry /
250 ## - EDITION STATEMENT
Edition statement 4 /
260 ## - PUBLICATION, DISTRIBUTION, ETC. (IMPRINT)
Place of publication London :
Name of publisher Longman Green and Co ,
Year of publication 1962.
300 ## - PHYSICAL DESCRIPTION
Number of Pages 585 ; .
700 1# - ADDED ENTRY--PERSONAL NAME
Personal name Saunders, Bernard .
942 ## - ADDED ENTRY ELEMENTS (KOHA)
Koha item type Books
Holdings
Withdrawn status Lost status Damaged status Home library Current library Date acquired Full call number Accession Number Koha item type
Withdrawn     KAUAET KAUAET 07/04/2012 547 8075 Books
free website counter